logo

Bir Sreshtho Munshi Abdur Rouf Library
Jhenaidah Cadet College

Physics of the future : (Record no. 12720)

MARC details
000 -LEADER
fixed length control field 00779nam a22002538a 4500
001 - CONTROL NUMBER
control field 12720
003 - CONTROL NUMBER IDENTIFIER
control field BD-JhCC
005 - DATE AND TIME OF LATEST TRANSACTION
control field 20230509082631.0
008 - FIXED-LENGTH DATA ELEMENTS--GENERAL INFORMATION
fixed length control field 23 s2011 enk 000|0 eng|d
015 ## - NATIONAL BIBLIOGRAPHY NUMBER
Source bnb
020 ## - INTERNATIONAL STANDARD BOOK NUMBER
International Standard Book Number 9780141044248
035 ## - SYSTEM CONTROL NUMBER
System control number (BD-JhCC)12720
040 ## - CATALOGING SOURCE
Original cataloging agency StDuBDS
Language of cataloging eng
Transcribing agency StDuBDS
Modifying agency BD-JhCC
082 04 - DEWEY DECIMAL CLASSIFICATION NUMBER
Classification number 509.05
Edition number 22
Item number KAK 2011
100 1# - MAIN ENTRY--PERSONAL NAME
Personal name Kaku, Michio.
245 10 - TITLE STATEMENT
Title Physics of the future :
Remainder of title how science will shape human destiny and our daily lives by the year 2100 /
Statement of responsibility, etc. Michio Kaku.
260 ## - PUBLICATION, DISTRIBUTION, ETC.
Place of publication, distribution, etc. London :
Name of publisher, distributor, etc. Penguin Books,
Date of publication, distribution, etc. 2011.
263 ## - PROJECTED PUBLICATION DATE
Projected publication date 201105
300 ## - PHYSICAL DESCRIPTION
Extent 389 p. :
Dimensions 24 cm.
650 #0 - SUBJECT ADDED ENTRY--TOPICAL TERM
Topical term or geographic name entry element Discoveries in science
General subdivision Forecasting.
650 #0 - SUBJECT ADDED ENTRY--TOPICAL TERM
Topical term or geographic name entry element Technological innovations
General subdivision Forecasting.
942 ## - ADDED ENTRY ELEMENTS (KOHA)
Source of classification or shelving scheme Dewey Decimal Classification
Koha item type Books
Holdings
Withdrawn status Lost status Source of classification or shelving scheme Damaged status Not for loan Home library Current library Shelving location Date acquired Cost, normal purchase price Total Checkouts Full call number Barcode Date last seen Date last checked out Copy number Price effective from Koha item type
    Dewey Decimal Classification     JCC Rouf Library JCC Rouf Library General Stacks 05/09/2023 5500.00 5 509.05 KAK 2011 17696 07/25/2024 07/24/2024 C-1 05/09/2023 Books

JCC Library | Contacts | JCC Home

Last Update on 23 September 2017
Copyright @ 2017-2020 JCC Rouf Library
Rouf Library, Jhenidah Cadet College (JCC), Bangladesh